| 000 | 01070naa a22002777a 4500 | ||
|---|---|---|---|
| 001 | BR6009168 | ||
| 003 | BR-BrBNA | ||
| 005 | 20240918172949.0 | ||
| 007 | ta | ||
| 008 | 230509b bl.||||| |||| 00| 0 por d | ||
| 040 |
_aBR-BrBNA _bpor _cBiblioteca Nacional de Agricultura |
||
| 041 | _a(Pt) | ||
| 072 | _aE50 | ||
| 090 | _aE50 BR6009168 | ||
| 100 | 1 | _aVeiga, A.B. | |
| 111 | 1 |
_a2. Reuniao da Sociedade Brasileira de Economistas Rurais _cRio de Janeiro, GB (Brazil) _d22 Nov 1960 |
|
| 245 | 1 | _aOrganizacao de uma comunidade rural [Sociologia rural] | |
| 260 | 3 |
_aRio de Janeiro, GB (Brasil): _c1960. |
|
| 500 | _aAnais da 2. Reuniao da Sociedade Brasileira de Economistas Rurais Rio de Janeiro, GB (Brasil): 1960. p. 233-236 (BR6009168-AM)E50 | ||
| 650 | _aSociologia rural | ||
| 650 | _aComunidade rural | ||
| 650 | _aDesenvolvimento comunitario | ||
| 773 | 0 |
_tAnais da 2. Reuniao da Sociedade Brasileira de Economistas Rurais _wE50 BR6009168 _gRio de Janeiro, GB (Brasil), 1960. p. 233-236 |
|
| 909 |
_a202404 _bLucia _c55 _dLucia Elande |
||
| 942 |
_cAM _2AGRIS |
||
| 999 |
_c302269 _d302269 |
||